[Event "XXVII Open Eporediese"]
[Site "Ivrea ITA"]
[Date "2010.01.21"]
[Round "1"]
[White "Agostino, Pietro"]
[Black "Trotto, Pierangelo"]
[Result "0-1"]
[WhiteElo "1576"]
[BlackElo "1904"]
[PlyCount "128"]
[EventDate "2010.01.21"]

1. e4 c5 2. Bc4 d6 3. d3 Nf6 4. h3 e6 5. Nc3 Be7 6. Nf3 a6 7. a3 Nc6 8. Be3 Qc7
9. Qe2 b5 10. Bb3 Bb7 11. O-O Rc8 12. Rfd1 Na5 13. Ba2 O-O 14. Bf4 Rfd8 15. Nb1
Nc6 16. Nbd2 b4 17. a4 e5 18. Be3 Nd4 19. Bxd4 cxd4 20. Bb3 h6 21. Nc4 a5 22.
Rac1 Nd7 23. c3 dxc3 24. bxc3 Nc5 25. Qb2 bxc3 26. Rxc3 Ba6 27. Na3 Rb8 28. Nb5
Bxb5 29. axb5 Qb6 30. Rb1 Kf8 31. Qc2 Qxb5 32. Nd2 Bg5 33. Bxf7 Qa4 34. Bb3 Qd7
35. Nf3 a4 36. Ba2 Rxb1+ 37. Qxb1 Qa7 38. Qb4 Qa6 39. Bc4 Qb7 40. Qa3 Rb8 41.
Ba2 Qb4 42. Nxg5 hxg5 43. Qc1 Rb6 44. Rc4 Qb2 45. Qc2 Qxc2 46. Rxc2 Nxd3 47.
Rc8+ Ke7 48. Rc7+ Kf6 49. Rf7+ Kg6 50. Rf3 Nc5 51. Bf7+ Kh7 52. Rf5 Nxe4 53. f3
Nf6 54. Rxg5 a3 55. f4 e4 56. Ra5 d5 57. Rxa3 d4 58. f5 e3 59. Bg6+ Kh6 60. Kf1
Kg5 61. g4 Rb1+ 62. Ke2 Rb2+ 63. Ke1 Kf4 64. Bf7 Kf3 0-1

[Event "XXVII Open Eporediese"]
[Site "Ivrea ITA"]
[Date "2010.01.21"]
[Round "1"]
[White "Allegro, Mattia"]
[Black "Papalini, Claudio"]
[Result "1-0"]
[WhiteElo "1879"]
[BlackElo "1559"]
[PlyCount "73"]
[EventDate "2010.01.21"]

1. e4 e6 2. d4 d5 3. e5 Ne7 4. Bd3 b6 5. c3 Qd7 6. Nf3 Ba6 7. O-O Bxd3 8. Qxd3
c5 9. Nh4 cxd4 10. cxd4 Nec6 11. f4 Be7 12. Nf3 O-O 13. a3 a6 14. Nc3 b5 15. b4
Qc8 16. f5 exf5 17. Nxd5 Ra7 18. Bg5 h6 19. Bh4 Qe6 20. Ne3 Bxh4 21. Nxh4 Ne7
22. Nhxf5 Nxf5 23. Nxf5 Rc7 24. Qg3 Qg6 25. Qxg6 fxg6 26. Nd6 Nd7 27. Rac1
Rxf1+ 28. Rxf1 Rc3 29. Rf3 Rc1+ 30. Kf2 Nb6 31. e6 Nd5 32. Rf7 Rc2+ 33. Kf3
Rc3+ 34. Ke4 Nf6+ 35. Rxf6 gxf6 36. e7 f5+ 37. Kf4 1-0

[Event "XXVII Open Eporediese"]
[Site "Ivrea ITA"]
[Date "2010.01.21"]
[Round "1"]
[White "Avetta, Roberto"]
[Black "Bruno, Fabrizio P."]
[Result "1/2-1/2"]
[WhiteElo "1711"]
[BlackElo "1965"]
[PlyCount "86"]
[EventDate "2010.01.21"]

1. d4 Nf6 2. c4 e6 3. Nc3 Bb4 4. Bg5 c5 5. Nf3 O-O 6. e4 cxd4 7. Nxd4 Bxc3+ 8.
bxc3 Qa5 9. Bxf6 Qxc3+ 10. Ke2 gxf6 11. Rc1 Qa5 12. Qc2 Nc6 13. Nf3 b6 14. Kd1
Bb7 15. h4 Nb4 16. Qb2 e5 17. a3 Na6 18. Bd3 Nc5 19. Qe2 Nxd3 20. Qxd3 Qc5 21.
Ke2 Rfd8 22. g4 Qc6 23. g5 Qxe4+ 24. Qxe4 Bxe4 25. gxf6 Bxf3+ 26. Kxf3 Kh8 27.
h5 h6 28. Ke4 d6 29. Rcg1 Rac8 30. Kd3 Rc7 31. Rg7 Rdc8 32. Rh4 d5 33. cxd5 Rd8
34. Rhg4 Rxd5+ 35. Ke4 Rd4+ 36. Kxe5 Rxg4 37. Rxg4 Rc5+ 38. Kd6 Rxh5 39. Ke7
Rf5 40. Kxf7 Rxf2 41. Rg8+ Kh7 42. Rg7+ Kh8 43. Rg8+ Kh7 1/2-1/2

[Event "XXVII Open Eporediese"]
[Site "Ivrea ITA"]
[Date "2010.01.21"]
[Round "1"]
[White "Bogatto, Mario"]
[Black "Bellafiore, Enzo"]
[Result "0-1"]
[WhiteElo "1451"]
[BlackElo "1827"]
[PlyCount "66"]
[EventDate "2010.01.21"]

1. e4 Nf6 2. e5 Nd5 3. Nf3 d6 4. c4 Nb6 5. d4 Bg4 6. exd6 exd6 7. h3 Bh5 8. Be3
Be7 9. Nc3 Nc6 10. Be2 O-O 11. Ne4 Bg6 12. Ng3 Nb4 13. O-O Nc2 14. Rc1 Nxe3 15.
fxe3 Bg5 16. Nxg5 Qxg5 17. Rf3 Rae8 18. Kf2 h5 19. Rc3 h4 20. Nh1 Be4 21. b3
Bxf3 22. Bxf3 c6 23. Qe1 f5 24. Kg1 Re7 25. Nf2 d5 26. c5 Nd7 27. Nd1 Rfe8 28.
Qf2 Nf6 29. Kh2 f4 30. exf4 Qxf4+ 31. g3 hxg3+ 32. Qxg3 Re2+ 33. Bxe2 Rxe2+ 0-1

[Event "XXVII Open Eporediese"]
[Site "Ivrea ITA"]
[Date "2010.01.21"]
[Round "1"]
[White "Caresana, Alessandro"]
[Black "Castaldo, Antonio"]
[Result "1-0"]
[WhiteElo "1994"]
[BlackElo "1698"]
[PlyCount "133"]
[EventDate "2010.01.21"]

1. d4 d6 2. e4 Nf6 3. Nc3 g6 4. f4 Bg7 5. e5 dxe5 6. dxe5 Qxd1+ 7. Kxd1 Nfd7 8.
Nd5 Kd8 9. Nf3 e6 10. Nc3 a6 11. Be3 h6 12. Bd3 Nc6 13. Be4 Ke7 14. Bxc6 bxc6
15. Ke2 Rd8 16. Rad1 Bb7 17. Ne4 f5 18. Nc5 Nxc5 19. Bxc5+ Kf7 20. Rxd8 Rxd8
21. Rd1 Rxd1 22. Kxd1 Bf8 23. Bxf8 Kxf8 24. Kd2 c5 25. Ne1 Ke7 26. h4 Bd5 27.
g3 c4 28. Kc3 Kd7 29. Kb4 Kc6 30. c3 Kb6 31. Nc2 c5+ 32. Ka3 Kb5 33. Ne3 Bc6
34. b3 cxb3 35. axb3 a5 36. Nc4 Bd7 37. h5 gxh5 38. Nd6+ Kc6 39. c4 Kb6 40. Nf7
Be8 41. Nxh6 Bg6 42. Ng8 Bf7 43. Nf6 Kb7 44. Ka4 Kb6 45. Ka3 Kc7 46. Kb2 Kc6
47. Kc3 Kc7 48. Nh7 Be8 49. Ng5 Bd7 50. Nf7 Kb6 51. Nd6 Ka6 52. Nf7 Kb6 53. Ng5
Kc6 54. Kd3 Kb6 55. Nh7 Be8 56. Nf6 Bf7 57. Ke3 Ka6 58. Kf2 a4 59. bxa4 Ka5 60.
Nd7 Kxa4 61. Nxc5+ Kb4 62. Nb7 Bg8 63. Nd6 Kc5 64. Kg2 Kc6 65. Kh3 Bh7 66. Kh4
Kd7 67. Kxh5 1-0

[Event "XXVII Open Eporediese"]
[Site "Ivrea ITA"]
[Date "2010.01.21"]
[Round "1"]
[White "Giunto, Andrea"]
[Black "Giachino, Adriano"]
[Result "0-1"]
[WhiteElo "1934"]
[BlackElo "1686"]
[PlyCount "66"]
[EventDate "2010.01.21"]

1. e4 c5 2. Nf3 d6 3. d4 cxd4 4. Nxd4 Nf6 5. Nc3 a6 6. Be3 g6 7. f3 Bg7 8. Qd2
O-O 9. O-O-O Re8 10. g4 e6 11. h4 e5 12. Nb3 Nc6 13. h5 Be6 14. hxg6 fxg6 15.
Qxd6 Qc8 16. Qd2 Qc7 17. Qd6 Qc8 18. Qd2 Rd8 19. Qe2 Rxd1+ 20. Qxd1 Qc7 21. Be2
Rd8 22. Qg1 Nb4 23. Bb6 Qc8 24. Bxd8 Qxd8 25. Qc5 Bf8 26. Qxe5 Qe7 27. Rd1 Bh6+
28. Kb1 Bg7 29. Qb8+ Ne8 30. Qd8 Qf7 31. Qd2 a5 32. Nxa5 Bxa2+ 33. Nxa2 Qxa2+
0-1

[Event "XXVII Open Eporediese"]
[Site "Ivrea ITA"]
[Date "2010.01.21"]
[Round "1"]
[White "Ranieri, Fabrizio"]
[Black "Rocchi, Enrico"]
[Result "1/2-1/2"]
[WhiteElo "2285"]
[BlackElo "1763"]
[PlyCount "36"]
[EventDate "2010.01.21"]

1. e4 e5 2. Bc4 Nf6 3. d3 c6 4. Nf3 d5 5. exd5 cxd5 6. Bb5+ Bd7 7. Bxd7+ Nbxd7
8. O-O Bd6 9. Re1 O-O 10. Bg5 Re8 11. Nc3 Qb6 12. Rb1 Rac8 13. Nd2 Bb8 14. Nf1
a6 15. Ng3 h6 16. Bd2 Qc7 17. Rc1 Rcd8 18. Qf3 Qd6 1/2-1/2

[Event "XXVII Open Eporediese"]
[Site "Ivrea ITA"]
[Date "2010.01.21"]
[Round "1"]
[White "Renzini, Lorenzo"]
[Black "Chiarotto, Filippo"]
[Result "0-1"]
[WhiteElo "1746"]
[BlackElo "2073"]
[PlyCount "84"]
[EventDate "2010.01.21"]

1. c4 e5 2. Nc3 Nf6 3. g3 Nc6 4. Bg2 Bb4 5. e3 O-O 6. Nge2 Re8 7. O-O Bf8 8. d4
d6 9. d5 Ne7 10. b3 Ng6 11. e4 c6 12. Qd2 Bd7 13. f4 Ng4 14. f5 Qb6+ 15. Kh1
Nf2+ 16. Rxf2 Qxf2 17. fxg6 hxg6 18. Ng1 Qxd2 19. Bxd2 Be7 20. Nf3 Rf8 21. Rd1
a6 22. Be3 c5 23. Ng5 b5 24. cxb5 axb5 25. Rd2 Bd8 26. Bh3 Bxh3 27. Nxh3 Ba5
28. Rc2 Bxc3 29. Rxc3 Rxa2 30. Nf2 f5 31. Rc1 f4 32. gxf4 exf4 33. Bxc5 dxc5
34. Kg1 f3 35. e5 Rd2 36. Rd1 Rxd1+ 37. Nxd1 Rf5 38. d6 Rxe5 39. Nc3 Kf7 40.
Nxb5 Re3 41. Na7 Rxb3 42. Nc6 Ke6 0-1

[Event "XXVII Open Eporediese"]
[Site "Ivrea ITA"]
[Date "2010.01.28"]
[Round "2"]
[White "Bruno, Fabrizio P."]
[Black "Ranieri, Fabrizio"]
[Result "0-1"]
[WhiteElo "1965"]
[BlackElo "2285"]
[PlyCount "66"]
[EventDate "2010.01.21"]

1. e4 e6 2. d4 d5 3. Nc3 Nf6 4. Bg5 Bb4 5. e5 h6 6. Bd2 Bxc3 7. Bxc3 Ne4 8. Bd3
Nxc3 9. bxc3 c5 10. Bb5+ Bd7 11. Bxd7+ Qxd7 12. Ne2 Nc6 13. O-O O-O 14. f4 Rac8
15. Rf3 Ne7 16. g4 Rc7 17. dxc5 Rxc5 18. Nd4 Rfc8 19. Qd2 Qc7 20. Ne2 Rc4 21.
Rb1 b6 22. Rb3 Ra4 23. a3 Nc6 24. Qc1 Qe7 25. Kg2 Qc5 26. Rd3 Re4 27. Kf3 g5
28. Re3 gxf4 29. Rxe4 dxe4+ 30. Kxe4 Qxe5+ 31. Kf3 Qd5+ 32. Kxf4 Na5 33. Rb4
Rxc3 0-1

[Event "XXVII Open Eporediese"]
[Site "Ivrea ITA"]
[Date "2010.01.28"]
[Round "2"]
[White "Chiarotto, Filippo"]
[Black "Allegro, Mattia"]
[Result "1-0"]
[WhiteElo "2073"]
[BlackElo "1879"]
[PlyCount "69"]
[EventDate "2010.01.21"]

1. Nc3 Nf6 2. e4 d6 3. d4 g6 4. f3 Bg7 5. Be3 Nbd7 6. Qd2 h5 7. Bc4 c6 8. a4
Qa5 9. Rb1 Qb4 10. Bb3 b5 11. axb5 cxb5 12. Qd3 a6 13. Bd2 Qa5 14. Nd5 Qd8 15.
Ne2 Bb7 16. Nxf6+ Nxf6 17. O-O d5 18. e5 Ng8 19. e6 f5 20. Nf4 Rh6 21. Nh3 Qb6
22. c3 Qxe6 23. Rbe1 Qb6 24. Bxh6 Bxh6 25. Qe2 b4 26. Ba4+ Kf7 27. Bd7 Qd6 28.
Be6+ Kf6 29. g4 a5 30. Qc2 Bf4 31. gxf5 g5 32. Bxg8 Bxh2+ 33. Qxh2 Qxh2+ 34.
Kxh2 Rxg8 35. Re6+ 1-0

[Event "XXVII Open Eporediese"]
[Site "Ivrea ITA"]
[Date "2010.01.28"]
[Round "2"]
[White "Paonessa, Denis"]
[Black "Agostino, Pietro"]
[Result "1-0"]
[WhiteElo "1908"]
[BlackElo "1576"]
[PlyCount "47"]
[EventDate "2010.01.21"]

1. e4 d6 2. d4 e6 3. Nf3 g6 4. Nc3 Bg7 5. Be3 a6 6. Qd2 Ne7 7. O-O-O d5 8. e5
Nbc6 9. Bh6 O-O 10. g4 Kh8 11. h4 Ng8 12. Bxg7+ Kxg7 13. h5 Re8 14. hxg6 fxg6
15. Ng5 h6 16. Nh3 Qh4 17. Be2 Qe7 18. g5 h5 19. Bxh5 gxh5 20. Nf4 Kf8 21. Ng6+
Kf7 22. Nxe7 Kxe7 23. g6 Bd7 24. Qg5+ 1-0

[Event "XXVII Open Eporediese"]
[Site "Ivrea ITA"]
[Date "2010.01.28"]
[Round "2"]
[White "Papalini, Claudio"]
[Black "Renzini, Lorenzo"]
[Result "0-1"]
[WhiteElo "1559"]
[BlackElo "1746"]
[PlyCount "102"]
[EventDate "2010.01.21"]

1. d4 Nf6 2. Nf3 g6 3. Nbd2 Bg7 4. e3 d5 5. Be2 Nbd7 6. O-O O-O 7. c3 c5 8. b4
c4 9. Qc2 Nb6 10. e4 dxe4 11. Nxe4 Nbd5 12. Nxf6+ Nxf6 13. Bxc4 Qc7 14. Be2 Nd5
15. Qd2 Qxc3 16. Qxc3 Nxc3 17. Bc4 b5 18. Bb3 Bb7 19. Bd2 Ne2+ 20. Kh1 Nxd4 21.
Nxd4 Bxd4 22. Rad1 e6 23. Bh6 Bg7 24. Bxg7 Kxg7 25. Rd7 Bc6 26. Rd6 Be4 27. f3
Bb7 28. Rd7 Bc6 29. Rd6 Rac8 30. Rfd1 Kf6 31. Kg1 Ke7 32. Kf2 Rfd8 33. Rxd8
Rxd8 34. Rxd8 Kxd8 35. Ke3 Ke7 36. g3 Kd6 37. f4 f6 38. Bc2 Bd5 39. a3 e5 40.
fxe5+ Kxe5 41. Bd3 Bc4 42. Bc2 f5 43. Bd1 h6 44. Bc2 g5 45. Bd1 f4+ 46. gxf4+
gxf4+ 47. Kf2 Bd5 48. a4 a6 49. axb5 axb5 50. Bg4 Bc6 51. Bd1 Kd4 0-1

[Event "XXVII Open Eporediese"]
[Site "Ivrea ITA"]
[Date "2010.01.28"]
[Round "2"]
[White "Trotto, Pierangelo"]
[Black "Giachino, Adriano"]
[Result "1-0"]
[WhiteElo "1904"]
[BlackElo "1686"]
[PlyCount "75"]
[EventDate "2010.01.21"]

1. e4 c5 2. Nf3 d6 3. d4 cxd4 4. Nxd4 Nf6 5. Nc3 e5 6. Nb3 Be6 7. Be2 a6 8. a4
Be7 9. O-O O-O 10. a5 Nc6 11. Be3 Qc8 12. f3 Ne8 13. Nd5 f5 14. Nb6 Qd8 15.
Nxa8 Qxa8 16. Nd2 f4 17. Bf2 Qc8 18. Bc4 Rf6 19. Bxe6+ Qxe6 20. Qe2 Rg6 21. Qc4
Qxc4 22. Nxc4 Nc7 23. c3 Ne6 24. Rfd1 Ng5 25. Kf1 Nf7 26. b4 h5 27. Rd5 Bf8 28.
b5 axb5 29. Rxb5 Ncd8 30. Rb6 Be7 31. Rd1 Kh7 32. Rdb1 Ng5 33. Bh4 Re6 34. Bxg5
Bxg5 35. Rxd6 Re8 36. Ke2 Be7 37. Rd5 Bf6 38. Rbb5 1-0

[Event "XXVII Open Eporediese"]
[Site "Ivrea ITA"]
[Date "2010.02.04"]
[Round "3"]
[White "Agostino, Pietro"]
[Black "Castaldo, Antonio"]
[Result "0-1"]
[WhiteElo "1576"]
[BlackElo "1698"]
[PlyCount "82"]
[EventDate "2010.01.21"]

1. e4 d6 2. Nc3 Nf6 3. d4 g6 4. Nf3 Bg7 5. h3 O-O 6. Bd3 c6 7. O-O b5 8. b4 a5
9. Ba3 axb4 10. Bxb4 Na6 11. Ba3 b4 12. Nb1 bxa3 13. Nxa3 Nb4 14. Nb1 Nxd3 15.
cxd3 Ba6 16. Re1 Bb5 17. Nc3 Qa5 18. Nxb5 cxb5 19. a3 Nd7 20. Qb3 Qa4 21. Qc3
Rfc8 22. Qb2 e5 23. d5 Nc5 24. Qb1 Qb3 25. Qxb3 Nxb3 26. Rab1 Rxa3 27. Kh2 Rc5
28. Red1 Nd4 29. Nxd4 exd4 30. f4 Bf6 31. Kg3 h5 32. Kf3 Bd8 33. g4 Ba5 34. e5
Bc3 35. Ke4 Kf8 36. gxh5 gxh5 37. exd6 b4 38. Rbc1 Ra7 39. Ke5 Raa5 40. Ke4
Rxd5 41. f5 Re5+ 0-1

[Event "XXVII Open Eporediese"]
[Site "Ivrea ITA"]
[Date "2010.02.04"]
[Round "3"]
[White "Allegro, Mattia"]
[Black "Bellafiore, Enzo"]
[Result "1-0"]
[WhiteElo "1879"]
[BlackElo "1827"]
[PlyCount "99"]
[EventDate "2010.01.21"]

1. e4 Nf6 2. e5 Nd5 3. d4 d6 4. Nf3 Bg4 5. h3 Bh5 6. c4 Nb6 7. exd6 exd6 8. Nc3
Be7 9. Bd3 Nc6 10. Be3 Bf6 11. g4 Bg6 12. b3 Bxd3 13. Qxd3 Qd7 14. Ne4 Be7 15.
Ng3 O-O-O 16. Nf5 g6 17. Nxe7+ Qxe7 18. O-O h5 19. g5 Qd7 20. Kh2 Ne7 21. a4
Qf5 22. Qxf5+ Nxf5 23. a5 Nd7 24. b4 Rhe8 25. Rae1 Kb8 26. Bf4 Nf8 27. d5 Nd7
28. Bd2 a6 29. Bc3 b6 30. Nd4 Nxd4 31. Bxd4 Kb7 32. Re3 Rxe3 33. fxe3 Rf8 34.
Bg7 Re8 35. Rxf7 Ne5 36. Rf4 Nd3 37. Rf6 Rxe3 38. Rxg6 Rxh3+ 39. Kxh3 Nf4+ 40.
Kh4 Nxg6+ 41. Kxh5 Nf4+ 42. Kh6 Kc8 43. axb6 cxb6 44. Bd4 Kb7 45. g6 Nxg6 46.
Kxg6 Kc7 47. Kf6 a5 48. b5 a4 49. Bb2 Kd7 50. Ba3 1-0

[Event "XXVII Open Eporediese"]
[Site "Ivrea ITA"]
[Date "2010.02.04"]
[Round "3"]
[White "Avetta, Roberto"]
[Black "Bogatto, Mario"]
[Result "1-0"]
[WhiteElo "1711"]
[BlackElo "1451"]
[PlyCount "77"]
[EventDate "2010.01.21"]

1. d4 Nf6 2. c4 e6 3. Nc3 b6 4. e4 d6 5. Nf3 Bb7 6. Bd3 Nbd7 7. Qc2 e5 8. Be3
c6 9. Rd1 Qc7 10. h3 Be7 11. b4 a6 12. d5 c5 13. a3 Qd8 14. Nh2 h6 15. O-O Nh7
16. f4 Bf6 17. Ng4 Qe7 18. Qf2 h5 19. Nxf6+ Ndxf6 20. Qg3 g6 21. fxe5 dxe5 22.
bxc5 bxc5 23. Rf3 Qd6 24. Na4 Rc8 25. Rb1 Qe7 26. Qf2 Qd8 27. Rxb7 Qa5 28. Nxc5
O-O 29. Nd7 Nxd7 30. Rxd7 f5 31. exf5 Nf6 32. Rb7 Qc3 33. Bh6 e4 34. Rg3 Ng4
35. hxg4 exd3 36. Qa7 Rfe8 37. Rg7+ Kh8 38. Rh7+ Kg8 39. Qf7# 1-0

[Event "XXVII Open Eporediese"]
[Site "Ivrea ITA"]
[Date "2010.02.04"]
[Round "3"]
[White "Caresana, Alessandro"]
[Black "Chiarotto, Filippo"]
[Result "0-1"]
[WhiteElo "1994"]
[BlackElo "2073"]
[PlyCount "76"]
[EventDate "2010.01.21"]

1. e4 c5 2. Nf3 a6 3. g3 b5 4. Bg2 Bb7 5. O-O Bxe4 6. Re1 Bc6 7. Nc3 Nf6 8. d4
cxd4 9. Qxd4 e6 10. Bg5 Be7 11. Rad1 O-O 12. Ne5 Bxg2 13. Kxg2 Nc6 14. Nxc6
dxc6 15. Qh4 Qc7 16. Rd4 Rfe8 17. Rf4 Nd5 18. Nxd5 cxd5 19. Rg4 Bxg5 20. Qxg5
g6 21. Rh4 Ra7 22. Rh6 Qe7 23. Qg4 Rc7 24. Re5 Qf6 25. f4 Rxc2+ 26. Kh3 Qg7 27.
Rh4 f5 28. Qd1 Qc7 29. Qe1 Qc6 30. g4 d4 31. Qg3 Qh1 32. gxf5 Qf1+ 33. Kg4 Rg2
34. fxg6 Rxg3+ 35. hxg3 hxg6 36. Kg5 Kg7 37. Rc5 Re7 38. Rc8 Rd7 0-1

[Event "XXVII Open Eporediese"]
[Site "Ivrea ITA"]
[Date "2010.02.04"]
[Round "3"]
[White "Giachino, Adriano"]
[Black "Bruno, Fabrizio P."]
[Result "0-1"]
[WhiteElo "1686"]
[BlackElo "1965"]
[PlyCount "56"]
[EventDate "2010.01.21"]

1. e4 d6 2. d4 Nf6 3. Nc3 g6 4. Be3 c6 5. Be2 Bg7 6. Nf3 Bg4 7. Qd2 Qa5 8. h3
Bxf3 9. Bxf3 b5 10. b3 O-O 11. O-O-O Re8 12. g4 Na6 13. Kb1 Rac8 14. h4 c5 15.
h5 cxd4 16. Bxd4 e5 17. Be3 Rxc3 18. hxg6 fxg6 19. Bh6 Rec8 20. Bxg7 d5 21.
Rde1 Rxb3+ 22. Kc1 Rb1+ 23. Kxb1 Qxd2 24. Bxf6 Qxc2+ 25. Ka1 Nb4 26. Re2 Qc3+
27. Kb1 Qxf3 28. Rhe1 Qxf6 0-1

[Event "XXVII Open Eporediese"]
[Site "Ivrea ITA"]
[Date "2010.02.04"]
[Round "3"]
[White "Giunto, Andrea"]
[Black "Rocchi, Enrico"]
[Result "1/2-1/2"]
[WhiteElo "1934"]
[BlackElo "1763"]
[PlyCount "46"]
[EventDate "2010.01.21"]

1. e4 e5 2. Nf3 Nc6 3. d4 exd4 4. Nxd4 Bc5 5. Be3 Qf6 6. c3 Nge7 7. Bc4 O-O 8.
O-O Ne5 9. Be2 d6 10. Nd2 Qh4 11. f3 N7g6 12. Qe1 Qxe1 13. Rfxe1 Nc6 14. N2b3
Bb6 15. Nc2 Bxe3+ 16. Nxe3 Be6 17. Nd4 Nf4 18. Nxc6 Nxe2+ 19. Rxe2 bxc6 20. b3
Rfb8 21. f4 a5 22. f5 Bd7 23. Kf2 Rb5 1/2-1/2

[Event "XXVII Open Eporediese"]
[Site "Ivrea ITA"]
[Date "2010.02.04"]
[Round "3"]
[White "Ranieri, Fabrizio"]
[Black "Trotto, Pierangelo"]
[Result "1-0"]
[WhiteElo "2285"]
[BlackElo "1904"]
[PlyCount "133"]
[EventDate "2010.01.21"]

1. e4 c5 2. Nf3 d6 3. d4 cxd4 4. Nxd4 Nf6 5. Nc3 a6 6. Bg5 e6 7. f4 Qc7 8. Bxf6
gxf6 9. Qh5 Qc5 10. Qxc5 dxc5 11. Nf3 Nc6 12. a4 b6 13. O-O-O Bh6 14. g3 Bb7
15. Bc4 Ke7 16. Kb1 Rhd8 17. Rde1 Nd4 18. Rhf1 Nxf3 19. Rxf3 Rd4 20. Bd3 Rad8
21. b3 f5 22. Rff1 fxe4 23. Nxe4 Bg7 24. f5 Bxe4 25. Bxe4 c4 26. Ka2 cxb3+ 27.
Kxb3 b5 28. axb5 axb5 29. fxe6 fxe6 30. Bxh7 b4 31. Bg6 Bf6 32. Ra1 R4d7 33.
Ra6 Rc8 34. Rxe6+ Kxe6 35. Bf5+ Ke7 36. Bxd7 Rc3+ 37. Kxb4 Rxc2 38. h3 Rg2 39.
g4 Rg3 40. Bf5 Rxh3 41. Rd1 Re3 42. Kc5 Kf7 43. Kd6 Ra3 44. Bd3 Ra1 45. Rd2 Rg1
46. Bf5 Ra1 47. Bd3 Rg1 48. Be2 Ra1 49. Rc2 Be7+ 50. Kd5 Ra5+ 51. Ke4 Bf6 52.
Bd3 Bg5 53. Rc6 Ke7 54. Bc4 Kd7 55. Rg6 Ke7 56. Bd5 Bc1 57. Rc6 Ra4+ 58. Kf5
Rf4+ 59. Ke5 Rxg4 60. Rxc1 Rg5+ 61. Kd4 Rg4+ 62. Be4 Kd6 63. Rc6+ Ke7 64. Ke5
Kd7 65. Rc4 Rg5+ 66. Bf5+ Kd8 67. Kf6 1-0

[Event "XXVII Open Eporediese"]
[Site "Ivrea ITA"]
[Date "2010.02.04"]
[Round "3"]
[White "Renzini, Lorenzo"]
[Black "Paonessa, Denis"]
[Result "1-0"]
[WhiteElo "1746"]
[BlackElo "1908"]
[PlyCount "103"]
[EventDate "2010.01.21"]

1. c4 e5 2. Nc3 Bb4 3. Nd5 Ba5 4. b4 c6 5. bxa5 cxd5 6. cxd5 Qxa5 7. e4 Nf6 8.
Qc2 O-O 9. Bd3 d6 10. Ne2 Nbd7 11. Qc3 Qxc3 12. Nxc3 Nc5 13. Bc2 Bd7 14. f3 b5
15. Ne2 b4 16. d4 exd4 17. Nxd4 Rfe8 18. Kf2 Rec8 19. Bf4 Ne8 20. Rhd1 a5 21.
Rac1 Na4 22. Nc6 Bxc6 23. dxc6 Nc3 24. Rd2 Rxc6 25. Ra1 a4 26. Bd1 Rac8 27. Rb2
Nxd1+ 28. Rxd1 Rc2+ 29. Rd2 Rxb2 30. Rxb2 Rb8 31. Ke2 Kf8 32. Kd3 Ke7 33. Kc4
Nc7 34. Rxb4 d5+ 35. Kc3 d4+ 36. Kc4 Rxb4+ 37. Kxb4 d3 38. Kc3 Na6 39. Be3 Kd6
40. a3 Kc6 41. Kxd3 Nc7 42. Kc4 Na6 43. f4 g6 44. g4 Nc7 45. Kb4 Nb5 46. e5 Nc7
47. Kxa4 Nd5 48. Bd2 Kc5 49. f5 Nb6+ 50. Kb3 gxf5 51. gxf5 Kd4 52. e6 1-0

[Event "XXVII Open Eporediese"]
[Site "Ivrea ITA"]
[Date "2010.02.11"]
[Round "4"]
[White "Bellafiore, Enzo"]
[Black "Giachino, Adriano"]
[Result "1-0"]
[WhiteElo "1827"]
[BlackElo "1686"]
[PlyCount "41"]
[EventDate "2010.01.21"]

1. d4 d5 2. c4 e6 3. Nc3 Nf6 4. cxd5 exd5 5. Bg5 Be7 6. Qc2 c5 7. dxc5 Bxc5 8.
e3 Nc6 9. Bb5 O-O 10. a3 h6 11. Bxf6 Qxf6 12. Nxd5 Qe5 13. Qxc5 Kh8 14. Qxf8+
Kh7 15. Bd3+ Bf5 16. Bxf5+ Qxf5 17. Qxa8 Qxd5 18. Nf3 Qc4 19. Qxb7 Na5 20. Qb4
Qa6 21. Rc1 1-0

[Event "XXVII Open Eporediese"]
[Site "Ivrea ITA"]
[Date "2010.02.11"]
[Round "4"]
[White "Bruno, Fabrizio P."]
[Black "Renzini, Lorenzo"]
[Result "1-0"]
[WhiteElo "1965"]
[BlackElo "1746"]
[PlyCount "91"]
[EventDate "2010.01.21"]

1. e4 c5 2. Nc3 Nc6 3. f4 d6 4. Nf3 g6 5. Bb5 Bd7 6. Bxc6 Bxc6 7. f5 Bg7 8.
fxg6 fxg6 9. O-O Qb6 10. Kh1 Nf6 11. d3 Nd7 12. Qe1 O-O-O 13. Ng5 Bf6 14. Nf7
a6 15. Rb1 Rdf8 16. Nxh8 Rxh8 17. Bd2 Qd8 18. b4 b5 19. Ne2 Ne5 20. Nf4 c4 21.
d4 Nf7 22. Ne6 Qe8 23. Qe3 Nd8 24. Nxd8 Qxd8 25. Rbd1 Qc7 26. Bc3 d5 27. e5 Bg7
28. Rf7 Rg8 29. Qg5 Kd8 30. Rdf1 Be8 31. R7f2 h6 32. Qe3 e6 33. Bd2 Rh8 34. Qa3
Qa7 35. Qa5+ Kc8 36. c3 g5 37. Qa3 Bg6 38. Qb2 g4 39. Be3 Bf5 40. Ra1 Qb7 41.
a4 Kc7 42. axb5 axb5 43. Qa3 Rb8 44. Rfa2 Bg6 45. Qc1 h5 46. Ra7 1-0

[Event "XXVII Open Eporediese"]
[Site "Ivrea ITA"]
[Date "2010.02.11"]
[Round "4"]
[White "Castaldo, Antonio"]
[Black "Paonessa, Denis"]
[Result "0-1"]
[WhiteElo "1698"]
[BlackElo "1908"]
[PlyCount "118"]
[EventDate "2010.01.21"]

1. Nf3 f5 2. g3 Nf6 3. Bg2 d6 4. O-O e5 5. d3 Be7 6. Nbd2 O-O 7. c3 e4 8. Ng5
d5 9. Qb3 Kh8 10. Re1 Ng4 11. Nh3 Na6 12. d4 c6 13. Nf1 Nc7 14. f3 Nf6 15. Ne3
Nfe8 16. fxe4 fxe4 17. Bd2 Nd6 18. Rf1 Bf6 19. Rf2 Qe7 20. Raf1 Bd7 21. Nd1 Ne6
22. Qc2 Nc4 23. Nf4 Nxf4 24. Bxf4 e3 25. Nxe3 Nxe3 26. Bxe3 Qxe3 27. Kh1 Be7
28. Rf3 Rxf3 29. Rxf3 Qg5 30. e4 dxe4 31. Qxe4 Rf8 32. h4 Qc1+ 33. Kh2 Bf6 34.
g4 h6 35. g5 hxg5 36. hxg5 Qxg5 37. Bh3 Qh5 38. Kg2 Qe8 39. Qxe8 Bxe8 40. Be6
Bf7 41. Rh3+ Kg8 42. Bf5 Bd5+ 43. Kg3 Re8 44. Bh7+ Kf8 45. Kg4 Be6+ 46. Bf5
Bxf5+ 47. Kxf5 Kf7 48. Rh2 g6+ 49. Kf4 Rh8 50. Rf2 Rh4+ 51. Ke3 g5 52. Kf3 Rf4+
53. Kg3 Rxf2 54. Kxf2 Kg6 55. Kf3 Kf5 56. b3 g4+ 57. Ke3 Bg5+ 58. Kd3 g3 59.
Ke2 Ke4 0-1

[Event "XXVII Open Eporediese"]
[Site "Ivrea ITA"]
[Date "2010.02.11"]
[Round "4"]
[White "Chiarotto, Filippo"]
[Black "Ranieri, Fabrizio"]
[Result "0-1"]
[WhiteElo "2073"]
[BlackElo "2285"]
[PlyCount "36"]
[EventDate "2010.01.21"]

1. e4 e6 2. b3 d5 3. Bb2 dxe4 4. Nc3 f5 5. f3 Bd6 6. fxe4 Qh4+ 7. g3 Bxg3+ 8.
hxg3 Qxh1 9. Qe2 Qxg1 10. Qh5+ Kf8 11. Qh4 Nf6 12. Nb5 Nxe4 13. O-O-O Nc6 14.
Nxc7 Qxg3 15. Qxg3 Nxg3 16. Nxa8 Nxf1 17. Rxf1 Bd7 18. Nc7 Ne7 0-1

[Event "XXVII Open Eporediese"]
[Site "Ivrea ITA"]
[Date "2010.02.11"]
[Round "4"]
[White "Rocchi, Enrico"]
[Black "Caresana, Alessandro"]
[Result "1/2-1/2"]
[WhiteElo "1763"]
[BlackElo "1994"]
[PlyCount "43"]
[EventDate "2010.01.21"]

1. e4 e5 2. Nf3 Nc6 3. d4 exd4 4. Nxd4 Nf6 5. Nc3 Bc5 6. Be3 Bb6 7. Bc4 O-O 8.
O-O d6 9. Nxc6 bxc6 10. Bg5 Qe7 11. Qf3 Bd4 12. Rfe1 Qe5 13. Bf4 Qc5 14. Bb3
Be6 15. Na4 Qh5 16. Qxh5 Nxh5 17. Be3 Bb6 18. Rad1 Bxb3 19. axb3 Rfe8 20. Nc3
Ba5 21. f3 Nf6 22. Bd4 1/2-1/2

[Event "XXVII Open Eporediese"]
[Site "Ivrea ITA"]
[Date "2010.02.11"]
[Round "4"]
[White "Trotto, Pierangelo"]
[Black "Allegro, Mattia"]
[Result "1/2-1/2"]
[WhiteElo "1904"]
[BlackElo "1879"]
[PlyCount "74"]
[EventDate "2010.01.21"]

1. e4 c5 2. Nf3 d6 3. d4 cxd4 4. Nxd4 Nf6 5. Nc3 g6 6. Bc4 Bg7 7. Be3 O-O 8. f3
Nc6 9. Bb3 Qa5 10. Qd2 Bd7 11. O-O-O Rfc8 12. g4 Ne5 13. h4 Nc4 14. Bxc4 Rxc4
15. h5 Rac8 16. Nb3 Qa6 17. Kb1 b5 18. Rc1 Rxc3 19. bxc3 Nxe4 20. fxe4 Bxc3 21.
Qxc3 Rxc3 22. Bd4 b4 23. hxg6 fxg6 24. Rh4 e5 25. Bxc3 bxc3 26. Ka1 Be6 27. g5
Qa3 28. Rb1 Bxb3 29. Rxb3 Qc1+ 30. Rb1 Qxc2 31. Rb8+ Kg7 32. Rb7+ Kf8 33. Rb8+
Kg7 34. Rb7+ Kg8 35. Rb8+ Kg7 36. Rb7+ Kf8 37. Rb8+ Kg7 1/2-1/2